ბათუმის შოთა რუსთაველის სახელმწიფო უნივერსიტეტის ბიბლიოთეკა

Дополнительные главы теории обикновенных дифференциальных уравнении. (ბიბ.ჩანაწერი № 47950)

000 -LEADER
fixed length control field 00836nam a2200205Ia 4500
001 - CONTROL NUMBER
control field 14827
003 - CONTROL NUMBER IDENTIFIER
control field GE_BSU
008 - FIXED-LENGTH DATA ELEMENTS--GENERAL INFORMATION
fixed length control field 181216s||||||||xx |||||||||||||| ||und||
040 ## - CATALOGING SOURCE
Transcribing agency GE_BSU
080 ## - UNIVERSAL DECIMAL CLASSIFICATION NUMBER
Universal Decimal Classification number 517.91(075.8)
100 ## - MAIN ENTRY--PERSONAL NAME
Personal name Арнольд, В.И.
245 ## - TITLE STATEMENT
Title Дополнительные главы теории обикновенных дифференциальных уравнении.
245 ## - TITLE STATEMENT
Remainder of title Учебное пособие для студ. физ-мат.спец. Вузов.
260 ## - PUBLICATION, DISTRIBUTION, ETC.
Place of publication, distribution, etc. Москва
260 ## - PUBLICATION, DISTRIBUTION, ETC.
Name of publisher, distributor, etc. Наука. главн. ред. физико-математической лит-ры.
260 ## - PUBLICATION, DISTRIBUTION, ETC.
Date of publication, distribution, etc. 1978
300 ## - PHYSICAL DESCRIPTION
Extent 304стр.22см.
653 ## - INDEX TERM--UNCONTROLLED
Uncontrolled term Дополнительные главы теории обикновенных дифференциальных уравнении.
942 ## - ADDED ENTRY ELEMENTS (KOHA)
Koha item type წიგნი
ეგზემპლარები
Withdrawn status Lost status Damaged status Not for loan Date acquired Barcode Date last seen Price effective from Koha item type
        2018-12-17 15360 2018-12-17 2018-12-17 წიგნი
        2018-12-17 15521 2018-12-17 2018-12-17 წიგნი